scalin India-Japan Cooperation in indo-Pacific and Beyond 2025 : (Record no. 173620)

MARC details
000 -LEADER
fixed length control field 00646nam a22001817a 4500
005 - DATE AND TIME OF LATEST TRANSACTION
control field 20200303170651.0
010 ## - LCCN (DPL NO)
LC control number ENG-127959
020 ## - INTERNATIONAL STANDARD BOOK NUMBER
International Standard Book Number 9789389137293
Terms of availability 1280.00
035 ## - SYSTEM CONTROL NUMBER
System control number EN-111491
037 ## - SOURCE OF ACQUISITION
Source of stock number/acquisition DBAD/PUB
082 ## - DEWEY DECIMAL CLASSIFICATION NUMBER
Classification number 337.54052
245 ## - TITLE STATEMENT
Title scalin India-Japan Cooperation in indo-Pacific and Beyond 2025 :
Remainder of title corridors, Connectivity and contours/
Statement of responsibility, etc edited by Jagannath P.Panda
260 ## - PUBLICATION, DISTRIBUTION, ETC. (IMPRINT)
Place of publication, distribution, etc New Delhi
Name of publisher, distributor, etc Knowledge Work
Date of publication, distribution, etc 2020
270 ## - ADDRESS
Address 4676/21, First floor, Ansari Road,Daryaganj
City New Delhi
Postal code 110002
Electronic mail address kw@kwpub.com
300 ## - PHYSICAL DESCRIPTION
Extent vi;331p.
Dimensions 24cm(hb)
500 ## - GENERAL NOTE
General note include index
942 ## - ADDED ENTRY ELEMENTS (KOHA)
Source of classification or shelving scheme Dewey Decimal Classification
Item type English Books
Classification part 337.54052
Call number suffix SCA
Holdings
Withdrawn status Lost status Not for loan Collection code Home library Current library Date acquired Source of acquisition Cost, normal purchase price Full call number Barcode Copy number Cost, replacement price Koha item type
      Non-fiction Bawana Bawana 03/03/2020 DBAD/PUB 1280.00 337.54052 SCA EN-111491 1 1280.00 English Books

© Delhi Public Library
Hit Counter
free hit counter